The handmaid's tale / (Record no. 5093)
[ view plain ]
| 000 -LEADER | |
|---|---|
| fixed length control field | 00893nam a2200205 4500 |
| 001 - CONTROL NUMBER | |
| control field | 6031 |
| 005 - DATE AND TIME OF LATEST TRANSACTION | |
| control field | 20200220113024.0 |
| 008 - FIXED-LENGTH DATA ELEMENTS--GENERAL INFORMATION | |
| fixed length control field | 200220b ||||| |||| 00| 0 eng d |
| 020 00 - INTERNATIONAL STANDARD BOOK NUMBER | |
| International Standard Book Number | 9780099511663 |
| 082 ## - DEWEY DECIMAL CLASSIFICATION NUMBER | |
| Classification number | FIC 813.54 ATW |
| 100 00 - MAIN ENTRY--PERSONAL NAME | |
| Personal name | Atwood, Margaret Eleanor |
| Dates associated with a name | 1939- |
| 245 00 - TITLE STATEMENT | |
| Title | The handmaid's tale / |
| Statement of responsibility, etc. | Margaret Atwood. |
| 260 00 - PUBLICATION, DISTRIBUTION, ETC. | |
| Place of publication, distribution, etc. | London : |
| Name of publisher, distributor, etc. | Vintage, |
| Date of publication, distribution, etc. | 1996. |
| 300 00 - PHYSICAL DESCRIPTION | |
| Extent | 320 pages |
| Dimensions | 20 cm. |
| 520 ## - SUMMARY, ETC. | |
| Summary, etc. | In the Republic of Gilead, Offred is a handmaid. As one of the few women left with functioning ovaries, the one role allowed her is to breed. if she deviates, she will be hanged at the Wall or sent out to die of radiation sickness. But Offred has clear memories of the time before when women were free and she is determined to find a way out. |
| 650 ## - SUBJECT ADDED ENTRY--TOPICAL TERM | |
| Topical term or geographic name entry element | Dystopias. |
| Topical term or geographic name entry element | Handmaidens |
| General subdivision | Fiction. |
| Topical term or geographic name entry element | Reproduction |
| General subdivision | Fiction. |
| 942 ## - ADDED ENTRY ELEMENTS (KOHA) | |
| Source of classification or shelving scheme | Dewey Decimal Classification |
| Koha item type | Fiction |
| Withdrawn status | Lost status | Source of classification or shelving scheme | Damaged status | Not for loan | Collection code | Home library | Current library | Shelving location | Date acquired | Serial Enumeration / chronology | Inventory number | Total Checkouts | Total Renewals | Full call number | Barcode | Date last seen | Date last checked out | Price effective from | Koha item type | Copy number |
|---|---|---|---|---|---|---|---|---|---|---|---|---|---|---|---|---|---|---|---|---|
| Dewey Decimal Classification | Fiction | RTC Library | RTC Library | Fiction | 25/02/2021 | 9561 | 9 | 2 | FIC 813.54 ATW | 30008341 | 29/04/2022 | 13/04/2022 | 27/11/2018 | Fiction | ||||||
| Dewey Decimal Classification | Fiction | RTC Library | RTC Library | Fiction | 01/03/2021 | 9712 | 10 | 8 | FIC 813.54 ATW | 30008133 | 30/11/2025 | 26/09/2025 | 27/11/2018 | Fiction | 2 | |||||
| Dewey Decimal Classification | Fiction | RTC Library | RTC Library | Fiction | 25/02/2021 | 9779 | 28 | 11 | FIC 813.54 ATW | 30009778 | 11/03/2025 | 25/02/2025 | 27/11/2018 | Fiction | 3 | |||||
| Dewey Decimal Classification | Fiction | RTC Library | RTC Library | Fiction | 20/02/2020 | 14478 | 15 | 3 | FIC 813.54 ATW | 30014014 | 07/04/2026 | 10/03/2026 | 20/02/2020 | Fiction |